00249nam a22000857a 4500020001800000100002800018245007400046260003300120300001000153 a9788119139125 aCoomaraswamy, Ananda K. aThe Dance of Siva fourteen Indian EssayscBy Ananda K. C oomaraswamy  aNew Delhi:bManohar, c2023. a196p.